000 00883nam a2200253 a 4500
001 13576
003 BD-JhCC
005 20240301095718.0
008 240229b2016 bg |||| ||a 000 0 ben d
020 _a9789849224693
035 _a(BD-JhCC)13576
040 _aBD-JhCC
_dBD-JhCC
041 _aBengali
082 _a823.914
_bHEM 2016
100 _a হেমিংওয়ে, আর্নেস্ট
245 _aটু হ্যাভ অ্যান্ড হ্যাভ নট /
_cআর্নেস্ট হেমিংওয়ে, অনু: প্রমিত হোসেন ।
260 _aঢাকা:
_bকাকলী প্রকাশনী;
_c2016.
300 _a188 p. :
_c22 cm
600 _a1899-1961 To have and have not
650 _a Hemingway, Ernest,
700 _aহোসেন,প্রমিত
942 _2ddc
_cBK
999 _c13576
_d13576